| 000 | 00876cam a2200325 4500 | ||
|---|---|---|---|
| 001 | 368 | ||
| 003 | DO-SdBNP | ||
| 005 | 20230824114906.0 | ||
| 007 | 368 | ||
| 008 | 081103s2008 sp | 000 0 spa | ||
| 017 |
_a _b |
||
| 020 | _a9788403099265 | ||
| 035 | _a | ||
| 040 |
_aBPMSU _bspa _cBPMSU _e |
||
| 080 | _a | ||
| 080 | _a | ||
| 082 | 4 |
_a158.1 _bP979v 2008 _222 |
|
| 100 | 1 |
_aAlonso Puig, Mario _d1955- |
|
| 245 | 1 | 0 |
_aVivir es un asunto urgente / _cMario Alonso Puig ; _h |
| 250 | _a | ||
| 260 |
_bAguilar, _aMadrid : _c2008 |
||
| 300 |
_a206 p.; _c24 cm |
||
| 500 | _aIncluye datos biográficos del autor en la solapa de la cubierta | ||
| 590 | _6Inventariado, 2023/VM | ||
| 650 | 4 |
_a PsicologĂa individual _2 |
|
| 650 | 4 |
_aMente y cuerpo _2 |
|
| 650 | 4 | _aExito personal | |
| 910 | _aVMateo V. Control de calidad . BPMSU | ||
| 942 |
_2ddc _cMP |
||
| 999 |
_c11392 _d11392 |
||